000 00667nam a2200277Ia 4500
005 20260324143312.0
008 008 260324s9999 xx 000 0 eng d
020 _a9781315214610
037 _aEBOOK
040 _aCRL
040 _beng
040 _cCRL
041 _2eng
041 _aeng
084 _qCRL
100 _aBrian J. Thompson; Edward Dougherty
_91215150
245 0 _aMathematical Morphology in Image Processing
260 _bTaylor and Francis
260 _c1992
365 _a
365 _b560
856 _uhttp://www.taylorfrancis.com/books/9781315214610
942 _cEBOOK
999 _c1820354
_d1820354